Willa by heart / (Record no. 4423)

MARC details
000 -LEADER
fixed length control field 00962nam a22002537a 4500
001 - CONTROL NUMBER
control field 4423
003 - CONTROL NUMBER IDENTIFIER
control field FISKH
005 - DATE AND TIME OF LATEST TRANSACTION
control field 20240904131042.0
008 - FIXED-LENGTH DATA ELEMENTS--GENERAL INFORMATION
fixed length control field 240904b cb ||||| |||| 00| 0 eng d
020 ## - INTERNATIONAL STANDARD BOOK NUMBER
International Standard Book Number 9780545104340
040 ## - CATALOGING SOURCE
Original cataloging agency FISKH
Language of cataloging eng
Transcribing agency FISKH
Modifying agency FISKH
050 ## - LIBRARY OF CONGRESS CALL NUMBER
Classification number PZ7.P2137
082 ## - DEWEY DECIMAL CLASSIFICATION NUMBER
Edition number 813.6
100 ## - MAIN ENTRY--PERSONAL NAME
Personal name Murtagh Paratore, Coleen
245 ## - TITLE STATEMENT
Title Willa by heart /
Statement of responsibility, etc. Coleen Murtagh Paratore
250 ## - EDITION STATEMENT
Edition statement First printing 2009
260 ## - PUBLICATION, DISTRIBUTION, ETC.
Place of publication, distribution, etc. New York :
Name of publisher, distributor, etc. Scholastic,
Date of publication, distribution, etc. 2009.
300 ## - PHYSICAL DESCRIPTION
Extent 228 pages :
Dimensions 20cm
520 ## - SUMMARY, ETC.
Summary, etc. As her freshman year nears an end, fourteen-year-old Willa finds herself helping plan two weddings, auditioning for "Our Town," organizing a book drive, fighting jealousy over her boyfriend's beautiful new friend, and preparing to become a big sister.
650 ## - SUBJECT ADDED ENTRY--TOPICAL TERM
Source of heading or term Fiction
Topical term or geographic name entry element The Wedding Planner's Daughter
General subdivision Jealousy
Geographic subdivision Fourteen-year-old girls
650 ## - SUBJECT ADDED ENTRY--TOPICAL TERM
Source of heading or term First boyfriends
Form subdivision Teenage boy/girl
942 ## - ADDED ENTRY ELEMENTS (KOHA)
Source of classification or shelving scheme Dewey Decimal Classification
Koha item type Books
Suppress in OPAC No
Holdings
Withdrawn status Lost status Source of classification or shelving scheme Damaged status Not for loan Home library Current library Shelving location Date acquired Total Checkouts Full call number Barcode Date due Date last seen Date last checked out Copy number Price effective from Koha item type
    Dewey Decimal Classification     Footprints International School Library Network Toul Tom Poung Campus Footprints International School Library Network Toul Tom Poung Campus TTP Secondary Fiction Bookshelves 09/04/2024 5 PAR 813.6 PZ7.P2137 2024-1884 03/25/2026 03/11/2026 03/11/2026 1 09/04/2024 Books